Basic English for Computing: Revised & Updated
v..v
Đã lưu trong:
| Tác giả chính: | |
|---|---|
| Định dạng: | Sách |
| Năm xuất bản: |
Anh
Oxford University
2003
|
| Chủ đề: | |
| Tags: |
Thêm thẻ
Không có thẻ, Hãy là người đầu tiên gắn thẻ bản ghi này!
|
| LEADER | 01025nam a2200217 4500 | ||
|---|---|---|---|
| 999 | |c 4616 |d 4616 | ||
| 082 | |a 428 |b GL203D | ||
| 100 | |a Glendinning Eric H | ||
| 242 | |a Tiếng Anh cơ bản cho người sử dụng máy tính | ||
| 245 | |a Basic English for Computing: |b Revised & Updated |c Erich H.Glendinning,John McEwan, Phạm Văn Bình giới thiệu | ||
| 260 | |a Anh |b Oxford University |c 2003 | ||
| 300 | |a 136 tr. |c 25 cm | ||
| 520 | |a v..v | ||
| 653 | |a Ngôn ngữ | ||
| 653 | |a Tiếng Anh | ||
| 653 | |a Người dùng | ||
| 653 | |a Máy vi tính | ||
| 942 | |2 ddc |c STK0 | ||
| 952 | |0 0 |1 0 |2 ddc |4 0 |6 428_000000000000000_GL203D |7 0 |8 400 |9 44276 |a qbu |b qbu |c D4 |d 2014-12-20 |g 24000 |o 428 GL203D |p 2697.c1 |r 0000-00-00 |w 2014-12-20 |y SH | ||
| 952 | |0 0 |1 0 |2 ddc |4 0 |6 428_000000000000000_GL203D |7 0 |8 400 |9 97686 |a qbu |b qbu |c D4 |d 2015-11-04 |g 24000 |o 428 GL203D |p 2697.c2 |r 0000-00-00 |w 2015-11-04 |y SH | ||
| 952 | |0 0 |1 0 |2 ddc |4 0 |6 428_000000000000000_GL203D |7 0 |8 400 |9 108517 |a qbu |b qbu |c D4 |d 2016-11-01 |g 127000 |o 428 GL203D |p 2697.c3 |r 0000-00-00 |w 2016-11-01 |y SH | ||